| 000 | 00727nam a22002415i 4500 | ||
|---|---|---|---|
| 001 | 15985 | ||
| 003 | ES-MaACL | ||
| 005 | 20230906151222.0 | ||
| 007 | t| | ||
| 008 | 000530s1993 sp ||||0| spa | ||
| 020 | _a84-7846-228-7 | ||
| 080 | _a616.89(440)"17/18" | ||
| 100 | 1 |
_aPeset, José Luis. _991433 |
|
| 245 | 1 | 4 |
_aLas heridas de la ciencia / _cJosé Luis Peset. |
| 260 |
_a[Valladolid] : _bConsejería de Cultura y Turismo, _c1993. |
||
| 300 |
_a183 p. ; _c22 cm. |
||
| 490 | 1 | _aEnsayo/las ideas | |
| 650 | 4 |
_aPsiquiatría- _zFrancia. _9172499 |
|
| 710 | 1 |
_aCastilla y León. _bConsejería de Cultura y Turismo. _92499 |
|
| 830 | 1 |
_aEnsayo/las ideas _9179851 |
|
| 852 |
_aES-MaACL _jL-23144 |
||
| 999 |
_c15985 _d15985 |
||